Bài giảng dịch viết 1 tiếng Anh

Salvato in:
Dettagli Bibliografici
Autore principale: Nguyễn, Văn Tám (Biên soạn)
Natura: Libro
Pubblicazione: Đồng Tháp 2016
Soggetti:
Tags: Aggiungi Tag
Nessun Tag, puoi essere il primo ad aggiungerne! !
Thư viện lưu trữ: Trung tâm Học liệu Lê Vũ Hùng, Trường Đại học Đồng Tháp
LEADER 01000pam a22002658a 4500
001 00040048
005 20171026081025.0
008 170918s2016 ||||||Viesd
041 0 # |a Vie 
082 1 4 |a 808.004  |b B103GI 
100 1 # |a Nguyễn, Văn Tám  |e Biên soạn 
245 1 0 |c Nguyễn Văn Tám (b.s)  |a Bài giảng dịch viết 1 tiếng Anh 
260 # # |a Đồng Tháp  |c 2016 
300 # # |a 67 tr.  |c 27cm 
500 # # |a ĐTTS ghi: Trường Đại học Đồng Tháp. Khoa sư phạm ngoại ngữ 
653 # # |a Dịch viết 
653 # # |a Tiếng Anh 
653 # # |a Phương pháp 
653 # # |a Ngôn ngữ 
852 # # |b Kho mượn  |j KGT.0053200, KGT.0053201, KGT.0053202, KGT.0053203, KGT.0053204 
852 # # |j KGT.0053201  |j KGT.0053203  |j KGT.0053204  |j KD.0022369  |j KGT.0053200  |j KGT.0053202 
852 # # |b Kho đọc  |j KD.0022369 
910 |d 18/09/2017 
980 # # |a Trung tâm Học liệu Lê Vũ Hùng, Trường Đại học Đồng Tháp